Orígenes del Justicia de Aragón / (Record no. 163461)

MARC details
000 -LEADER
campo de control de longitud fija 00942nam a22002415i 4500
001 - NÚMERO DE CONTROL
campo de control 163461
003 - IDENTIFICADOR DE NÚMERO DE CONTROL
campo de control ES-MaACL
005 - FECHA Y HORA DE LA ÚLTIMA TRANSACCIÓN
campo de control 20230906212738.0
008 - DATOS DE LONGITUD FIJA--INFORMACIÓN GENERAL
campo de control de longitud fija 990118s1897 sp |||| | spa d
040 ## - FUENTE DE CATALOGACIÓN
Centro catalogador/agencia de origen CCPB | B
Lengua de catalogación spa
Centro/agencia transcriptor CCPB | B
100 1# - ENTRADA PRINCIPAL--NOMBRE DE PERSONA
Nombre de persona Ribera, Julián (
Fechas asociadas al nombre 1858-1934)
9 (RLIN) 96779
245 10 - MENCIÓN DEL TÍTULO
Título Orígenes del Justicia de Aragón /
Mención de responsabilidad, etc. por Julián Ribera Tarragó ; con un prólogo de Francisco Codera.
260 ## - PUBLICACIÓN, DISTRIBUCIÓN, ETC.
Lugar de publicación, distribución, etc. Zaragoza :
Nombre del editor, distribuidor, etc. [s.n.],
Fecha de publicación, distribución, etc. 1897 (
Fabricante Tip. de Comas hermanos)
300 ## - DESCRIPCIÓN FÍSICA
Extensión XIX, 472 p. ;
Dimensiones 17 cm.
490 1# - MENCIÓN DE SERIE
Mención de serie Colección de Estudios Árabes ;
Designación de volumen o secuencia 2
504 ## - NOTA DE BIBLIOGRAFÍA, ETC.
Nota de bibliografía, etc. Incluye referencias bibliográficas.
597 ## - NOTA DE DESCRIPCIÓN FÍSICA
NOTA DE DESCRIPCIÓN FÍSICA Antep.
610 04 - PUNTO DE ACCESO ADICIONAL DE MATERIA--NOMBRE DE ENTIDAD CORPORATIVA
Nombre de entidad corporativa o nombre de jurisdicción como elemento de entrada Aragón.
Unidad subordinada Justicia de Aragón-
Subdivisión de forma Historia.
9 (RLIN) 1411
700 0# - ENTRADA AGREGADA--NOMBRE PERSONAL
Nombre de persona Codera y Zaidín, Francisco.
9 (RLIN) 39416
830 0# - PUNTO DE ACCESO ADICIONAL DE SERIE-TÍTULO UNIFORME
Título uniforme Colección de Estudios Árabes ;
Designación de volumen o secuencia 2
9 (RLIN) 188295
852 ## - LOCALIZACIÓN
Ubicación ES-MaACL
Número de control de estantería G-13743
Nota libre -- Enc. hol. conservando la original
condición física -- Falto de las pag. 471-472
Holdings
Estatus retirado Estado de pérdida Estado de daño No para préstamo Colección Biblioteca de origen Biblioteca actual Ubicación en estantería Fecha de adquisición Fuente de adquisición Total de préstamos Signatura topográfica completa Código de barras Visto por última vez Precio de reemplazo Tipo de ítem Koha
        Libros del s. XIX Biblioteca del Ateneo de Madrid Biblioteca del Ateneo de Madrid Sala Pecera Planta 3 17/01/2008     G-13743 1171292 23/02/2023 23/02/2023 Libro impreso antiguo